| 000 | 00000nam 2200000za 4500 |
| 001 | 9.699961 |
| 003 | CaOODSP |
| 005 | 20210625000623 |
| 007 | cr ||||||||||| |
| 008 | 150407s1937 onc|||||o f|0| 0 eng d |
| 040 | |aCaOODSP|beng |
| 043 | |an-cn--- |
| 086 | 1 |aCP32-140/1937E-PDF |
| 086 | 1 |aZ1-1936/3E-PDF |
| 245 | 00|aReport of the Royal Commission on Anthracite Coal |h[electronic resource] / |cH.M. Tory, commissioner. |
| 260 | |a[Ottawa : |bPrivy Council Office], |cFebruary 3, 1937. |
| 300 | |a118 p. |
| 500 | |aHistorical publication digitized in 2010 by Privy Council Office of Canada. |
| 590 | |a15-04-Supp|b2015-03-19 |
| 690 | 07|aCoal|2gcpds |
| 690 | 07|aCommissions of inquiry|2gcpds |
| 710 | 1 |aCanada. |bPrivy Council Office. |
| 775 | 08|tRapport de la Commission royale d'enquête sur l'anthracite |w(CaOODSP)9.643922 |
| 856 | 40|ahttp://publications.gc.ca|qPDF|s8.60 MB|uhttps://publications.gc.ca/collections/collection_2014/bcp-pco/CP32-140-1937-eng.pdf |